000 00673nam a2200229 i 4500
001 10759
003 ES-MaACL
005 20250804072402.0
007 t|
008 000000s1993 sp |||| | spa d
020 _a84-206-0033-4
080 _a821.134.2-31"18"
100 1 _aPérez Galdós, Benito,
_d1843-1920
_990871
245 1 0 _aGloria /
_cBenito Pérez Galdós.
250 _a1ª ed., 1ª reimp.
260 _aMadrid :
_bAlianza Editorial,
_c1993.
300 _a525 p ;
_c18 cm.
490 1 _aEl libro de bolsillo. 1033. Sección literatura
830 0 3 _aEl libro de bolsillo.
_pLiteratura
_9180913
852 _aES-MaACL
_jL-18127
999 _c10759
_d10759